[Event "Chigorin Memorial 2008"]
[Site "St. Petersburg RUS"]
[Date "2008.10.11"]
[Round "9.18"]
[White "Eliseev, Alexei"]
[Black "Pakhomov, Egor"]
[Result "0-1"]
[WhiteElo "2395"]
[BlackElo "2220"]
[PlyCount "82"]
[EventDate "2008.10.03"]
[EventType "swiss"]
[EventRounds "9"]
[EventCountry "RUS"]
[Source "lmi"]
[SourceDate "2008.10.03"]

1. Nf3 c5 2. b3 Nf6 3. Bb2 e6 4. c4 Nc6 5. g3 Be7 6. Bg2 O-O 7. O-O b6 8. d4
cxd4 9. Nxd4 Bb7 10. Nc3 a6 11. e4 Qc7 12. Rc1 Ne5 13. Qe2 d6 14. Kh1 Rfe8 15.
f4 Ned7 16. Rce1 e5 17. Nf5 exf4 18. gxf4 Bf8 19. Qd1 g6 20. Nd4 Bg7 21. Nd5
Qd8 22. a4 Nc5 23. Qc2 Rc8 24. Re2 Nh5 25. Ref2 Bxd5 26. exd5 Re3 27. Rf3 Rxf3
28. Bxf3 Qh4 29. Bxh5 Qxh5 30. b4 Re8 31. Nf3 Ne4 32. Kg1 Qg4+ 33. Kh1 Qh3 34.
Kg1 Qg4+ 35. Kh1 Bxb2 36. Qxb2 Qxf4 37. Qd4 Qg4 38. Qxb6 Qh3 39. Kg1 Nc3 40. b5
Ne2+ 41. Kh1 Nf4 0-1

[Event "Chigorin Memorial 2008"]
[Site "St. Petersburg RUS"]
[Date "2008.10.11"]
[Round "9.22"]
[White "Lanin, Alexsej"]
[Black "Domogaev, Sergey"]
[Result "1/2-1/2"]
[WhiteElo "2465"]
[BlackElo "2354"]
[PlyCount "81"]
[EventDate "2008.10.03"]
[EventType "swiss"]
[EventRounds "9"]
[EventCountry "RUS"]
[Source "lmi"]
[SourceDate "2008.10.03"]

1. e4 e5 2. Nf3 Nf6 3. Nxe5 d6 4. Nf3 Nxe4 5. d4 d5 6. Bd3 Nc6 7. O-O Be7 8. c4
Nb4 9. Be2 O-O 10. Nc3 Be6 11. a3 Nc6 12. Nxd5 Bxd5 13. cxd5 Qxd5 14. Be3 Bd6
15. Qc2 Nf6 16. Rad1 h6 17. Nh4 Ne7 18. Bf3 Qb5 19. a4 Qd7 20. g3 c6 21. Rfe1
g5 22. Ng2 Qh3 23. Bc1 Ng6 24. Ne3 Nh4 25. Bh1 Rae8 26. Nf1 Rxe1 27. Rxe1 Qg4
28. Ne3 Qh3 29. Re2 Rd8 30. Qb3 Nh5 31. Nc4 Bf4 32. Re7 Ng6 33. Nd6 Nxe7 34.
Qxf7+ Kh8 35. Be4 Ng7 36. Qxe7 Rb8 37. Bg2 Qh5 38. gxf4 Qd1+ 39. Bf1 Qg4+ 40.
Bg2 Qd1+ 41. Bf1 1/2-1/2

[Event "Chigorin Memorial 2008"]
[Site "St. Petersburg RUS"]
[Date "2008.10.11"]
[Round "9.23"]
[White "Sudakova, Irina"]
[Black "Gubajdullin, Alexei"]
[Result "1-0"]
[WhiteElo "2349"]
[BlackElo "2462"]
[PlyCount "69"]
[EventDate "2008.10.03"]
[EventType "swiss"]
[EventRounds "9"]
[EventCountry "RUS"]
[Source "lmi"]
[SourceDate "2008.10.03"]

1. e4 c5 2. Ne2 b5 3. a4 b4 4. d4 Bb7 5. dxc5 Bxe4 6. Qd4 Bxc2 7. Qxb4 Nc6 8.
Qc3 Bg6 9. Nf4 a5 10. Na3 Nf6 11. Bb5 e6 12. Be3 Nb4 13. Rd1 Be7 14. O-O O-O
15. Nc4 Ne4 16. Qc1 Nxc5 17. Bxc5 Bxc5 18. Rxd7 Qc8 19. Qc3 Nd5 20. Nxd5 exd5
21. Rxd5 Bb4 22. Qd4 Qc7 23. Nb6 Rad8 24. Nd7 Rfe8 25. Rd1 Be7 26. h4 h5 27.
Ne5 Rxd5 28. Qxd5 Rd8 29. Bd7 Kh7 30. Nc6 Bxh4 31. Nxd8 Bxd8 32. Bf5 Bf6 33. b3
Qc3 34. Qxf7 Bxf5 35. Qxh5+ 1-0

[Event "Chigorin Memorial 2008"]
[Site "St. Petersburg RUS"]
[Date "2008.10.11"]
[Round "9.25"]
[White "Mikkelsen, Nikolaj"]
[Black "Massironi, Marco"]
[Result "1/2-1/2"]
[WhiteElo "2441"]
[BlackElo "2169"]
[PlyCount "92"]
[EventDate "2008.10.03"]
[EventType "swiss"]
[EventRounds "9"]
[EventCountry "RUS"]
[Source "lmi"]
[SourceDate "2008.10.03"]

1. e4 c5 2. Nf3 d6 3. d4 cxd4 4. Nxd4 Nf6 5. Nc3 a6 6. Bg5 e6 7. f4 Qc7 8. Bxf6
gxf6 9. Qd2 Nc6 10. Nxc6 bxc6 11. Be2 d5 12. O-O Rb8 13. b3 Qa5 14. a3 Bxa3 15.
Kh1 Qb4 16. Ra2 d4 17. Rd1 c5 18. Nb1 Qxd2 19. Nxd2 Bb4 20. Bxa6 Bxa6 21. Rxa6
Bxd2 22. Rxd2 O-O 23. Rd1 Rfc8 24. h3 Kg7 25. Ra4 e5 26. Kg1 Rb4 27. Rda1 Kg6
28. Kf2 exf4 29. Kf3 d3 30. cxd3 Rxb3 31. R1a3 c4 32. Rxc4 Rxd3+ 33. Rxd3 Rxc4
34. Rd5 Rc2 35. Rf5 h5 36. Rxf4 Rc3+ 37. Kf2 Kg5 38. Rf5+ Kg6 39. Rf3 Rc2+ 40.
Kg3 h4+ 41. Kxh4 Rxg2 42. Rg3+ Rxg3 43. Kxg3 f5 44. e5 Kg5 45. Kf3 f4 46. Ke4
Kh4 1/2-1/2

[Event "Chigorin Memorial 2008"]
[Site "St. Petersburg RUS"]
[Date "2008.10.11"]
[Round "9.26"]
[White "Fedoseev, Vladimir"]
[Black "Slugin, Sergey"]
[Result "0-1"]
[WhiteElo "2312"]
[BlackElo "2431"]
[PlyCount "78"]
[EventDate "2008.10.03"]
[EventType "swiss"]
[EventRounds "9"]
[EventCountry "RUS"]
[Source "lmi"]
[SourceDate "2008.10.03"]

1. e4 e5 2. Nf3 Nc6 3. Bb5 a6 4. Ba4 Nf6 5. O-O Nxe4 6. d4 exd4 7. Re1 d5 8.
Nxd4 Bd6 9. Nxc6 Bxh2+ 10. Kf1 Qh4 11. Nb4+ c6 12. Be3 O-O 13. Nd2 Bg4 14. Nf3
Qh5 15. Ke2 Rfe8 16. Rh1 Ng5 17. Kd2 Nxf3+ 18. gxf3 Bxf3 19. Rxh2 Bxd1 20. Rxh5
Bxh5 21. Nd3 Re4 22. Nc5 Re7 23. c3 Bf3 24. Rg1 b6 25. Rg3 Bh5 26. Nd3 c5 27.
Nf4 Bg6 28. Nxd5 Rd8 29. c4 b5 30. Kc3 Rxe3+ 31. Rxe3 bxa4 32. Nb6 a3 33. bxa3
h5 34. Nd5 Kh7 35. f4 Bf5 36. Ne7 Bg4 37. Nc6 Rd1 38. Ne5 f6 39. Nd3 h4 0-1

[Event "Chigorin Memorial 2008"]
[Site "St. Petersburg RUS"]
[Date "2008.10.11"]
[Round "9.27"]
[White "Solovjova, Valentina"]
[Black "Gorbatov, Alexej"]
[Result "1-0"]
[WhiteElo "2303"]
[BlackElo "2421"]
[PlyCount "141"]
[EventDate "2008.10.03"]
[EventType "swiss"]
[EventRounds "9"]
[EventCountry "RUS"]
[Source "lmi"]
[SourceDate "2008.10.03"]

1. e4 c5 2. c3 e6 3. d4 a6 4. Nf3 d5 5. exd5 exd5 6. Bd3 Bd6 7. Qe2+ Ne7 8.
dxc5 Bxc5 9. Be3 Bd6 10. Nd4 Nbc6 11. O-O O-O 12. Qh5 Ng6 13. Nd2 Nce5 14. Bf5
Re8 15. N2f3 Bxf5 16. Nxf5 Bf8 17. Rad1 Qa5 18. a3 Rad8 19. Nxe5 Rxe5 20. Bd4
Re6 21. Qg4 Qb5 22. h4 Re4 23. f4 Qe2 24. Qxe2 Rxe2 25. h5 Ne7 26. Nxe7+ Bxe7
27. Rf2 Re4 28. g3 Rd7 29. Rfd2 Re6 30. Bf2 g6 31. hxg6 hxg6 32. Rxd5 Rxd5 33.
Rxd5 b5 34. Kg2 Re2 35. Re5 Rxe5 36. fxe5 Bg5 37. b3 Bd2 38. Bd4 Kf8 39. Kf3
Ke7 40. Ke4 Ke6 41. g4 Be1 42. c4 bxc4 43. bxc4 Bg3 44. Bc3 Bf2 45. Bd4 Be1 46.
c5 Ba5 47. c6 Bc7 48. Bc3 Bb8 49. Bd4 Bc7 50. a4 Bb8 51. g5 Bc7 52. Bc3 Bd8 53.
Bd2 Bc7 54. Bf4 Bb6 55. Bg3 Bd8 56. Bf4 Bb6 57. Be3 Bc7 58. Kd4 Bxe5+ 59. Kc5
Bc7 60. Bd4 Bd8 61. Bf6 Bc7 62. Bg7 Bd8 63. Bh6 Ba5 64. Bg7 Bd8 65. Bf6 Bc7 66.
Bc3 Bd8 67. Bd2 Bc7 68. Be3 Ke5 69. Bd2 Ke6 70. Be1 Bd8 71. Bg3 1-0

[Event "Chigorin Memorial 2008"]
[Site "St. Petersburg RUS"]
[Date "2008.10.11"]
[Round "9.30"]
[White "Yankovsky, Roman"]
[Black "Pankov, German"]
[Result "0-1"]
[WhiteElo "2255"]
[BlackElo "2375"]
[PlyCount "104"]
[EventDate "2008.10.03"]
[EventType "swiss"]
[EventRounds "9"]
[EventCountry "RUS"]
[Source "lmi"]
[SourceDate "2008.10.03"]

1. e4 c5 2. Nf3 Nc6 3. d4 cxd4 4. Nxd4 Qb6 5. Nb3 Nf6 6. Nc3 e6 7. Be3 Qc7 8.
a3 a6 9. Bd3 d6 10. O-O Be7 11. f4 O-O 12. g4 Re8 13. g5 Nd7 14. f5 Bf8 15. Rf3
Nde5 16. Rh3 g6 17. Qe1 Qd8 18. Qh4 h6 19. Rf1 exf5 20. Nd5 Ng4 21. Bb6 Qxg5
22. Qxg5 hxg5 23. exf5 Bxf5 24. Nc7 Nh6 25. Rg3 Be7 26. Nxa8 Rxa8 27. Nd4 Bd7
28. Nxc6 Bxc6 29. Bd4 g4 30. Bf6 Bxf6 31. Rxf6 Rd8 32. Re3 Kg7 33. Rf1 Ng8 34.
Bc4 d5 35. Bb3 f5 36. Rd1 Nf6 37. c4 d4 38. Re7+ Kh6 39. Bc2 Bf3 40. Rf1 d3 41.
Bd1 Be4 42. b4 Kg5 43. Kf2 Rh8 44. Kg1 Rh3 45. Rf2 g3 46. Rd2 Kf4 47. Re6 Ke3
48. Rb2 gxh2+ 49. Rxh2 Rg3+ 50. Kf1 Ng4 51. Rh7 d2 52. Rhe7 Nh2# 0-1

[Event "Chigorin Memorial 2008"]
[Site "St. Petersburg RUS"]
[Date "2008.10.11"]
[Round "9.31"]
[White "Balakirev, Ilya"]
[Black "Biriukov, Oleg V"]
[Result "1-0"]
[WhiteElo "2243"]
[BlackElo "2374"]
[PlyCount "60"]
[EventDate "2008.10.03"]
[EventType "swiss"]
[EventRounds "9"]
[EventCountry "RUS"]
[Source "lmi"]
[SourceDate "2008.10.03"]

1. e4 c5 2. Nf3 d6 3. d4 cxd4 4. Nxd4 Nf6 5. Nc3 a6 6. Bc4 e6 7. Bb3 b5 8. O-O
Be7 9. f4 Bb7 10. Be3 b4 11. Na4 Bxe4 12. f5 e5 13. Nf3 Nbd7 14. Ng5 d5 15.
Nxe4 dxe4 16. g4 h5 17. h3 hxg4 18. hxg4 Rh3 19. Bf2 e3 20. Kg2 Rh7 21. Bxe3
Qc7 22. g5 Qc6+ 23. Rf3 O-O-O 24. gxf6 Nxf6 25. Qe2 Ng4 26. Bg1 e4 27. Re3
Nxe3+ 28. Qxe3 Rh5 29. Nb6+ Kb7 30. Ba4 Rg5+ 1-0

[Event "Chigorin Memorial 2008"]
[Site "St. Petersburg RUS"]
[Date "2008.10.11"]
[Round "9.32"]
[White "Kuzmin, Yuriy"]
[Black "Kirusha, Andrey"]
[Result "1/2-1/2"]
[WhiteElo "2122"]
[BlackElo "2373"]
[PlyCount "117"]
[EventDate "2008.10.03"]
[EventType "swiss"]
[EventRounds "9"]
[EventCountry "RUS"]
[Source "lmi"]
[SourceDate "2008.10.03"]

1. d4 Nf6 2. Nf3 g6 3. g3 Bg7 4. Bg2 O-O 5. O-O d5 6. Bf4 c6 7. c3 Bf5 8. Qb3
Qb6 9. Nbd2 Ne4 10. a4 Nxd2 11. Nxd2 Nd7 12. a5 Qxb3 13. Nxb3 Rac8 14. Be3 Rfe8
15. Rfe1 h5 16. Nd2 a6 17. b4 e5 18. Nb3 Re7 19. Nc5 exd4 20. Bxd4 Bxd4 21.
cxd4 Nf6 22. e3 Kg7 23. h4 Rd8 24. Rac1 Ne8 25. Bf1 Nd6 26. Be2 Bc8 27. Kg2
Rde8 28. Bd3 f6 29. Nb3 Bf5 30. Bxf5 Nxf5 31. Rf1 g5 32. hxg5 fxg5 33. Nd2 h4
34. gxh4 Nxh4+ 35. Kg3 Rf7 36. Rcd1 Kg6 37. Rc1 Ref8 38. Rcd1 Kh5 39. f3 Nf5+
40. Kf2 Re8 41. Rfe1 Kg6 42. Re2 Rh7 43. Nf1 Rh4 44. Ree1 Rf8 45. Ke2 Rh3 46.
Nd2 Re8 47. Kd3 g4 48. e4 dxe4+ 49. Rxe4 Rxe4 50. Kxe4 g3 51. Rg1 Kf6 52. Nf1
Rh4+ 53. f4 Rg4 54. Kf3 g2 55. Rxg2 Rxg2 56. Kxg2 Nxd4 57. Ne3 c5 58. bxc5 Nb3
59. Nc4 1/2-1/2

[Event "Chigorin Memorial 2008"]
[Site "St. Petersburg RUS"]
[Date "2008.10.11"]
[Round "9.33"]
[White "Makarov, Marat"]
[Black "Vunder, Andrey"]
[Result "1/2-1/2"]
[WhiteElo "2536"]
[BlackElo "2261"]
[PlyCount "70"]
[EventDate "2008.10.03"]
[EventType "swiss"]
[EventRounds "9"]
[EventCountry "RUS"]
[Source "lmi"]
[SourceDate "2008.10.03"]

1. e4 e6 2. d4 d5 3. exd5 exd5 4. Nf3 Nf6 5. Bd3 Bd6 6. O-O O-O 7. h3 h6 8. c4
dxc4 9. Bxc4 Nc6 10. a3 Bf5 11. Nc3 a6 12. Be3 Qd7 13. Re1 Rfe8 14. Bf1 Ne4 15.
Nh4 Bh7 16. Qh5 Nxc3 17. bxc3 Bf8 18. Bc4 b5 19. Bb3 Na5 20. Bd1 Be4 21. Nf3
Nc4 22. a4 Bg6 23. Qg4 Bf5 24. Qg3 Nxe3 25. Rxe3 Rxe3 26. fxe3 Bd6 27. Ne5 Bxe5
28. Qxe5 Re8 29. Qf4 Be4 30. axb5 axb5 31. Ra7 Re7 32. Bf3 Bxf3 33. Qxf3 Qe6
34. Kf2 Qg6 35. Kg1 Qd3 1/2-1/2

[Event "Chigorin Memorial 2008"]
[Site "St. Petersburg RUS"]
[Date "2008.10.11"]
[Round "9.35"]
[White "Kotenko, Pavel"]
[Black "Minina, Veronika"]
[Result "1-0"]
[WhiteElo "2402"]
[BlackElo "2153"]
[PlyCount "61"]
[EventDate "2008.10.03"]
[EventType "swiss"]
[EventRounds "9"]
[EventCountry "RUS"]
[Source "lmi"]
[SourceDate "2008.10.03"]

1. e4 c5 2. Nf3 e6 3. d4 cxd4 4. Nxd4 Qb6 5. Nb3 Qc7 6. Nc3 a6 7. g3 b5 8. Bg2
Bb7 9. O-O Nf6 10. Re1 d6 11. a4 b4 12. Na2 Nbd7 13. Nxb4 Rc8 14. Bd2 Be7 15.
Bc3 O-O 16. Qe2 Ra8 17. a5 Rfc8 18. Rad1 Ne5 19. Nd3 Nc4 20. Nd2 Nd7 21. Nxc4
Qxc4 22. f4 Rab8 23. Nf2 Qc7 24. Qd2 Nc5 25. Ng4 Na4 26. Bxg7 Qxc2 27. Bf6 Qxd2
28. Rxd2 Kf8 29. Red1 Rc4 30. b3 Nc3 31. bxc4 1-0

[Event "Chigorin Memorial 2008"]
[Site "St. Petersburg RUS"]
[Date "2008.10.11"]
[Round "9.36"]
[White "Donskov, Anatoly"]
[Black "Frolochkin, Vladimir"]
[Result "0-1"]
[WhiteElo "2131"]
[BlackElo "2323"]
[PlyCount "132"]
[EventDate "2008.10.03"]
[EventType "swiss"]
[EventRounds "9"]
[EventCountry "RUS"]
[Source "lmi"]
[SourceDate "2008.10.03"]

1. e4 e5 2. Nf3 Nc6 3. Bb5 a6 4. Ba4 Nf6 5. O-O Nxe4 6. d4 b5 7. Bb3 d5 8. dxe5
Be6 9. Nbd2 Nc5 10. c3 Be7 11. Bc2 Bg4 12. Re1 d4 13. Nb3 dxc3 14. Nxc5 Bxc5
15. Be4 Qd7 16. Qxd7+ Bxd7 17. bxc3 Rd8 18. Bg5 Ne7 19. Nd4 h6 20. Bh4 g5 21.
Bg3 Bb6 22. Rad1 O-O 23. h4 c5 24. Nc2 Bf5 25. Rd6 Ba5 26. Rxh6 Bxc3 27. Re3
Bd2 28. Re2 Bxe4 29. Rxe4 Nf5 30. Rxa6 Ra8 31. Rc6 Rfc8 32. Rxc8+ Rxc8 33. Rg4
Ra8 34. a3 Bc1 35. hxg5 Bxa3 36. g6 b4 37. e6 fxe6 38. Be5 b3 39. Nxa3 Rxa3 40.
Rc4 Ra5 41. Kh2 Ne7 42. g7 Ng6 43. Bc3 e5 44. Rg4 Kxg7 45. Bxe5+ Kf7 46. Bc3
Rb5 47. Rg5 Ne7 48. Bb2 Nc6 49. Rf5+ Ke6 50. Rf3 Na5 51. Rc3 Kd5 52. Rc1 Nc4
53. Rd1+ Ke4 54. Bc1 b2 55. f3+ Ke5 56. Re1+ Kf6 57. Bxb2+ Nxb2 58. Re8 c4 59.
Rc8 Ke6 60. g4 Kd7 61. Ra8 c3 62. Ra7+ Kd6 63. Ra6+ Kd5 64. Ra1 Nd3 65. Rd1 c2
66. Rxd3+ Kc4 0-1

[Event "Chigorin Memorial 2008"]
[Site "St. Petersburg RUS"]
[Date "2008.10.11"]
[Round "9.37"]
[White "Khakimov, Timur"]
[Black "Zykova, Antonina"]
[Result "1-0"]
[WhiteElo "2310"]
[BlackElo "2092"]
[PlyCount "49"]
[EventDate "2008.10.03"]
[EventType "swiss"]
[EventRounds "9"]
[EventCountry "RUS"]
[Source "lmi"]
[SourceDate "2008.10.03"]

1. e4 c5 2. Nc3 e6 3. Nf3 a6 4. g3 b5 5. Bg2 Bb7 6. d4 cxd4 7. Nxd4 Ne7 8. O-O
Nec6 9. e5 Qc7 10. Bf4 Nxd4 11. Qxd4 Nc6 12. Qd2 h6 13. Rfe1 g5 14. Nd5 exd5
15. e6 Bd6 16. exf7+ Kf8 17. Bxd6+ Qxd6 18. Bxd5 Ne5 19. Rxe5 Qxe5 20. Bxb7 Rd8
21. Re1 Qxb2 22. Qd6+ Kg7 23. Re5 Rhf8 24. Be4 Qxe5 25. Qg6+ 1-0

[Event "Chigorin Memorial 2008"]
[Site "St. Petersburg RUS"]
[Date "2008.10.11"]
[Round "9.38"]
[White "Dushin, Nikolay"]
[Black "Zakharchenko, Arnold"]
[Result "0-1"]
[WhiteElo "2026"]
[BlackElo "2288"]
[PlyCount "72"]
[EventDate "2008.10.03"]
[EventType "swiss"]
[EventRounds "9"]
[EventCountry "RUS"]
[Source "lmi"]
[SourceDate "2008.10.03"]

1. Nf3 c5 2. g3 g6 3. Bg2 Bg7 4. O-O Nc6 5. d3 d5 6. Nbd2 Nf6 7. c3 O-O 8. Re1
e5 9. Qc2 h5 10. a3 a5 11. c4 d4 12. b3 Bf5 13. Nh4 Be6 14. Ne4 Nxe4 15. Bxe4
Qd7 16. Rb1 g5 17. Bxc6 Qxc6 18. Ng2 Rfb8 19. Bd2 Bf8 20. e4 a4 21. b4 b5 22.
cxb5 Qxb5 23. Rb2 Bb3 24. Qb1 cxb4 25. Bxb4 Bxb4 26. axb4 Qxb4 27. Rc1 Rc8 28.
Ne1 Rxc1 29. Qxc1 a3 30. Rb1 a2 31. Ra1 Qc3 32. Qxc3 dxc3 33. d4 exd4 34. f3
Bc4 35. Nc2 d3 36. Ne3 Rb8 0-1

[Event "Chigorin Memorial 2008"]
[Site "St. Petersburg RUS"]
[Date "2008.10.11"]
[Round "9.39"]
[White "Serov, Maksim"]
[Black "Prelovskij, Rudolf"]
[Result "1-0"]
[WhiteElo "2378"]
[BlackElo "2137"]
[PlyCount "113"]
[EventDate "2008.10.03"]
[EventType "swiss"]
[EventRounds "9"]
[EventCountry "RUS"]
[Source "lmi"]
[SourceDate "2008.10.03"]

1. d4 Nf6 2. c4 d6 3. Nc3 c6 4. e4 Qa5 5. f3 e5 6. d5 Be7 7. Be3 Nbd7 8. a3 a6
9. Bd3 O-O 10. Nge2 Re8 11. Qd2 Qc7 12. O-O c5 13. b4 Rb8 14. Rab1 b6 15. g3
Nf8 16. Kg2 Bd7 17. Rb2 Rb7 18. Ng1 Reb8 19. Qf2 b5 20. bxc5 dxc5 21. Rfb1 Qa5
22. Nge2 b4 23. axb4 Rxb4 24. Ra2 Qc7 25. Rxa6 Rxb1 26. Nxb1 Ne8 27. Nec3 Rb4
28. Nb5 Qc8 29. Ra7 Bxb5 30. cxb5 Nd7 31. Qa2 Nc7 32. Nc3 h6 33. d6 Bxd6 34.
Nd5 Nxb5 35. Nb6 Nc3 36. Nxc8 Nxa2 37. Nxd6 Rb2+ 38. Kh3 Nb6 39. Bxc5 Nc1 40.
Ba3 Ra2 41. Bc4 Nxc4 42. Nxc4 Nd3 43. Re7 f6 44. Bd6 h5 45. f4 Nf2+ 46. Kh4
Nxe4 47. Kxh5 Rxh2+ 48. Kg4 Rc2 49. Ne3 Rc3 50. Nf5 g6 51. Rg7+ Kh8 52. Rxg6
Nf2+ 53. Kh5 exf4 54. Bxf4 Ne4 55. Kh6 Rc8 56. Ne7 Re8 57. Rg7 1-0

[Event "Chigorin Memorial 2008"]
[Site "St. Petersburg RUS"]
[Date "2008.10.11"]
[Round "9.40"]
[White "Ivanov, Alexey"]
[Black "Fedoseev, Sergey"]
[Result "1-0"]
[WhiteElo "2431"]
[BlackElo "2193"]
[PlyCount "131"]
[EventDate "2008.10.03"]
[EventType "swiss"]
[EventRounds "9"]
[EventCountry "RUS"]
[Source "lmi"]
[SourceDate "2008.10.03"]

1. Nc3 c5 2. Nf3 Nc6 3. d4 cxd4 4. Nxd4 g6 5. e4 Bg7 6. Be3 Nf6 7. Bc4 O-O 8.
Bb3 d6 9. f3 Bd7 10. Qd2 Nxd4 11. Bxd4 b5 12. h4 a5 13. a4 bxa4 14. Nxa4 Be6
15. Nb6 Ra6 16. Nd5 Bxd5 17. exd5 a4 18. Rxa4 Rxa4 19. Bxa4 Qa8 20. Bb3 Qa1+
21. Qd1 Qa5+ 22. Bc3 Qa7 23. Bd4 Qa5+ 24. Kf2 Rb8 25. Bc4 Nd7 26. Bxg7 Kxg7 27.
Qd4+ Kg8 28. b3 Ne5 29. Ra1 Qc7 30. Ra7 Qd8 31. Be2 Qc8 32. Bd1 Qd8 33. c3 Ra8
34. f4 Nd3+ 35. Ke3 Rxa7 36. Qxa7 Nc5 37. b4 Nd7 38. Ba4 Nb6 39. Bc6 e6 40.
dxe6 fxe6 41. Kd3 e5 42. fxe5 dxe5+ 43. Kc2 e4 44. Bxe4 Qxh4 45. Qxb6 Qxe4+ 46.
Kb3 Qb1+ 47. Kc4 Qf1+ 48. Kc5 Qf5+ 49. Kc6 Qf6+ 50. Kb7 Qf7+ 51. Qc7 Qd5+ 52.
Qc6 Qf7+ 53. Kb8 Qf4+ 54. Qc7 Qd2 55. g3 Qe2 56. c4 h5 57. b5 g5 58. b6 h4 59.
gxh4 gxh4 60. Qd8+ Kf7 61. Qxh4 Qe8+ 62. Kc7 Qe5+ 63. Kb7 Qc5 64. Qh7+ Ke8 65.
Qc7 Qd4 66. c5 1-0

[Event "Chigorin Memorial 2008"]
[Site "St. Petersburg RUS"]
[Date "2008.10.11"]
[Round "9.41"]
[White "Barhudarian, Rafael"]
[Black "Korchagina, Viktoria"]
[Result "1/2-1/2"]
[WhiteElo "2327"]
[BlackElo "2176"]
[PlyCount "87"]
[EventDate "2008.10.03"]
[EventType "swiss"]
[EventRounds "9"]
[EventCountry "RUS"]
[Source "lmi"]
[SourceDate "2008.10.03"]

1. Nc3 Nf6 2. d4 d5 3. Bg5 Nbd7 4. Qd3 e6 5. e4 dxe4 6. Nxe4 Be7 7. Bxf6 Nxf6
8. Nxf6+ Bxf6 9. O-O-O O-O 10. Nf3 Qd5 11. Kb1 c5 12. Qb5 b6 13. Be2 Bd7 14.
Qd3 cxd4 15. Nxd4 Rac8 16. Bf3 Qe5 17. Rhe1 Qc7 18. Be4 g6 19. h4 Bg7 20. Qb3
e5 21. Nb5 Bxb5 22. Qxb5 Rfd8 23. h5 Rxd1+ 24. Rxd1 Rd8 25. Rd5 Rxd5 26. Bxd5
Bf8 27. Qd3 Qd6 28. g4 Qb4 29. Qe2 Qf4 30. hxg6 hxg6 31. a3 a5 32. f3 Kg7 33.
Qb5 Bc5 34. Qd7 Qf6 35. c3 Qe7 36. Qc8 Qd6 37. Qb7 Qe7 38. Qa8 Qd7 39. Ka2 Qe7
40. Qc6 Qd6 41. Qb7 Qe7 42. Qc6 Qd6 43. Qb7 Qe7 44. Qc6 1/2-1/2

[Event "Chigorin Memorial 2008"]
[Site "St. Petersburg RUS"]
[Date "2008.10.11"]
[Round "9.42"]
[White "Nuretdinov, Igor"]
[Black "Konenkin, Dmitry"]
[Result "0-1"]
[WhiteElo "2174"]
[BlackElo "2296"]
[PlyCount "62"]
[EventDate "2008.10.03"]
[EventType "swiss"]
[EventRounds "9"]
[EventCountry "RUS"]
[Source "lmi"]
[SourceDate "2008.10.03"]

1. d4 d6 2. c4 e5 3. dxe5 dxe5 4. Qxd8+ Kxd8 5. Nc3 Be6 6. b3 Nd7 7. Bb2 c6 8.
g3 Kc7 9. Nf3 f6 10. Bg2 h5 11. O-O Ne7 12. a3 Nc5 13. Nd2 Rd8 14. Nce4 Nf5 15.
Rad1 a5 16. Bh3 Nd4 17. Bxd4 Rxd4 18. Bxe6 Nxe6 19. f4 exf4 20. gxf4 Bxa3 21.
e3 Rd3 22. f5 Nc5 23. Kf2 Rhd8 24. Ke2 Bb4 25. h4 R8d7 26. Rg1 Kb6 27. Rh1 Re7
28. Rhf1 Bxd2 29. Rxd2 Rxb3 30. Nxc5 Rexe3+ 31. Kf2 Kxc5 0-1

[Event "Chigorin Memorial 2008"]
[Site "St. Petersburg RUS"]
[Date "2008.10.11"]
[Round "9.43"]
[White "Bronnikova, Elizaveta"]
[Black "Ganichev, Alexander"]
[Result "1-0"]
[WhiteElo "2293"]
[BlackElo "2148"]
[PlyCount "87"]
[EventDate "2008.10.03"]
[EventType "swiss"]
[EventRounds "9"]
[EventCountry "RUS"]
[Source "lmi"]
[SourceDate "2008.10.03"]

1. e4 c5 2. Nf3 e6 3. d4 cxd4 4. Nxd4 Nf6 5. Bd3 Nc6 6. Nxc6 bxc6 7. O-O d5 8.
Nd2 Be7 9. Qe2 O-O 10. b3 a5 11. a4 Nd7 12. Bb2 Nc5 13. Rfe1 Nxd3 14. Qxd3 Bf6
15. Bxf6 Qxf6 16. e5 Qe7 17. Re3 f5 18. f4 Qb4 19. Qc3 Qxf4 20. Rf1 Qb4 21.
Qxc6 Ra6 22. Qc3 Qb6 23. Rf4 g5 24. Rd4 Bd7 25. Qd3 Be8 26. c3 f4 27. Re1 Ra7
28. Kh1 Bg6 29. Qb5 Qc7 30. Nf3 Rb8 31. Qf1 h6 32. c4 Rxb3 33. cxd5 Qc5 34.
Red1 Bc2 35. Rc4 Qxc4 36. Qxc4 Bxd1 37. d6 Kf7 38. Nd4 Re3 39. Qxe6+ Kf8 40.
Qxh6+ Kg8 41. Qxg5+ Rg7 42. Qd8+ Kh7 43. Qh4+ Kg8 44. Nf5 1-0

[Event "Chigorin Memorial 2008"]
[Site "St. Petersburg RUS"]
[Date "2008.10.11"]
[Round "9.44"]
[White "Valov, Ilya"]
[Black "Palchun, Grigory"]
[Result "1-0"]
[WhiteElo "2269"]
[BlackElo "2129"]
[PlyCount "105"]
[EventDate "2008.10.03"]
[EventType "swiss"]
[EventRounds "9"]
[EventCountry "RUS"]
[Source "lmi"]
[SourceDate "2008.10.03"]

1. Nf3 Nf6 2. c4 e6 3. Nc3 d5 4. d4 a6 5. cxd5 exd5 6. Bf4 c6 7. e3 Nh5 8. Bg5
Be7 9. Bxe7 Qxe7 10. Bd3 Nf6 11. Ne5 Nbd7 12. f4 O-O 13. O-O Nxe5 14. fxe5 Nd7
15. Qh5 g6 16. Qh6 f6 17. exf6 Nxf6 18. h3 Qg7 19. Qg5 Bd7 20. Rf2 Nh5 21. Raf1
Rxf2 22. Rxf2 Rf8 23. g4 Rxf2 24. Kxf2 Qf6+ 25. Qxf6 Nxf6 26. g5 Ne8 27. Kg3
Nd6 28. h4 Bf5 29. Be2 Kf7 30. Kf4 Ke6 31. Na4 Ne4 32. Nc5+ Nxc5 33. dxc5 Bh3
34. b4 Bf5 35. a3 Bh3 36. Bd3 Bg2 37. Be2 Bh3 38. Bf3 Bf5 39. Bg2 Ke7 40. h5
Ke6 41. h6 Kf7 42. Ke5 Ke7 43. Bf1 Be6 44. Bd3 Bf7 45. Bc2 Be8 46. Bb3 Bf7 47.
Ba2 Be8 48. e4 dxe4 49. Kxe4 Bf7 50. Bxf7 Kxf7 51. Ke5 Ke7 52. a4 Ke8 53. Ke6
1-0

[Event "Chigorin Memorial 2008"]
[Site "St. Petersburg RUS"]
[Date "2008.10.11"]
[Round "9.45"]
[White "Pogosian, Manvel"]
[Black "Kushka, Alena"]
[Result "1-0"]
[WhiteElo "2256"]
[BlackElo "2123"]
[PlyCount "81"]
[EventDate "2008.10.03"]
[EventType "swiss"]
[EventRounds "9"]
[EventCountry "RUS"]
[Source "lmi"]
[SourceDate "2008.10.03"]

1. d4 c5 2. e3 Nf6 3. Nf3 e6 4. c4 d5 5. Nc3 Nc6 6. a3 cxd4 7. exd4 Be7 8. Bd3
dxc4 9. Bxc4 O-O 10. O-O a6 11. Bb3 b5 12. Bc2 b4 13. axb4 Nxb4 14. Bb1 Bb7 15.
Ne5 Nbd5 16. Qd3 Nxc3 17. bxc3 Rc8 18. f3 g6 19. Bd2 Qc7 20. Qe2 Bd6 21. Bd3
Bxe5 22. dxe5 Nd7 23. Rfe1 Nc5 24. Bc2 f6 25. exf6 Rxf6 26. Rab1 Re8 27. Be3
Bd5 28. c4 Ba8 29. Bd4 Rf7 30. Be5 Qc8 31. Rb8 Qd7 32. Rd1 Qe7 33. Bd6 Rxb8 34.
Bxe7 Rxe7 35. Qe5 Rc8 36. Qf6 Rf7 37. Rd8+ Rxd8 38. Qxd8+ Rf8 39. Qc7 Nb7 40.
Be4 Rf7 41. Qc8+ 1-0

[Event "Chigorin Memorial 2008"]
[Site "St. Petersburg RUS"]
[Date "2008.10.11"]
[Round "9.46"]
[White "Ivkina, Olga"]
[Black "Obrezchikov, Mikhail"]
[Result "1-0"]
[WhiteElo "2229"]
[BlackElo "1986"]
[PlyCount "57"]
[EventDate "2008.10.03"]
[EventType "swiss"]
[EventRounds "9"]
[EventCountry "RUS"]
[Source "lmi"]
[SourceDate "2008.10.03"]

1. e4 e6 2. d4 d5 3. Nd2 b6 4. c3 Qd7 5. Ngf3 Be7 6. Ne5 Qd6 7. Bd3 c5 8. Qg4
g6 9. exd5 Nf6 10. Qf3 exd5 11. O-O O-O 12. Re1 Be6 13. Nf1 cxd4 14. cxd4 Nc6
15. Bg5 Nxd4 16. Qf4 Ne4 17. Bxe7 Qxe7 18. Bxe4 dxe4 19. Rxe4 Nf5 20. Rd1 Qb7
21. Ng4 Rad8 22. Nf6+ Kg7 23. Nh5+ Kg8 24. Rxd8 Rxd8 25. g4 Rd4 26. Nf6+ Kg7
27. Rxd4 Nxd4 28. Qxd4 Qf3 29. g5 1-0